Encyclopedia of cell technology
Salvato in:
| Autore principale: | |
|---|---|
| Natura: | Libro |
| Lingua: | Undetermined |
| Pubblicazione: |
New York
John Wiley and Sons
2000
|
| Soggetti: | |
| Tags: |
Aggiungi Tag
Nessun Tag, puoi essere il primo ad aggiungerne! !
|
| Thư viện lưu trữ: | Trung tâm Học liệu Trường Đại học Cần Thơ |
|---|
| LEADER | 00579nam a2200169Ia 4500 | ||
|---|---|---|---|
| 001 | CTU_50492 | ||
| 008 | 210402s9999 xx 000 0 und d | ||
| 082 | |a 660.6 | ||
| 082 | |b E56/Vol.2 | ||
| 100 | |a RAYMOND E SPIER | ||
| 245 | 0 | |a Encyclopedia of cell technology | |
| 245 | 0 | |c RAYMOND E SPIER | |
| 260 | |a New York | ||
| 260 | |b John Wiley and Sons | ||
| 260 | |c 2000 | ||
| 650 | |a animal cell biotechnology - encyclopedias,cell culture - encyclopedias,cytology - encyclopedias,plant cell biotechnology - encyclopedias | ||
| 980 | |a Trung tâm Học liệu Trường Đại học Cần Thơ | ||